Village water supply : (Record no. 542003)
[ view plain ]
| 000 -LEADER | |
|---|---|
| fixed length control field | 00817mam a2200205 i 4500 |
| 020 ## - INTERNATIONAL STANDARD BOOK NUMBER | |
| International Standard Book Number | 0801818761 |
| -- | 080181877X |
| 082 00 - DEWEY DECIMAL CLASSIFICATION NUMBER | |
| Classification number | 333.9/1/0091724 |
| Author Mark | SAU |
| -- | D |
| -- | MCE |
| 100 1# - MAIN ENTRY--PERSONAL NAME | |
| Personal name | Saunders, Robert J. |
| 9 (RLIN) | 14963 |
| 245 10 - TITLE STATEMENT | |
| Title | Village water supply : |
| Remainder of title | economics and policy in the developing world / |
| Statement of responsibility, etc. | Robert J. Saunders, Jeremy J. Warford. |
| 260 ## - PUBLICATION, DISTRIBUTION, ETC. | |
| Place of publication, distribution, etc. | Baltimore : |
| Name of publisher, distributor, etc. | Published for the World Bank [by] Johns Hopkins University Press, |
| Date of publication, distribution, etc. | c1976. |
| 300 ## - PHYSICAL DESCRIPTION | |
| Extent | xii, 279 p. ; |
| Dimensions | 23 cm. |
| 490 1# - SERIES STATEMENT | |
| Series statement | A World Bank research publication |
| 500 ## - GENERAL NOTE | |
| General note | Includes index. |
| 526 ## - STUDY PROGRAM INFORMATION NOTE | |
| Program name | 0 |
| Interest level | 0 |
| Reading level | 0 |
| Title point value | 333_910091724000000_SAU |
| 650 #0 - SUBJECT ADDED ENTRY--TOPICAL TERM | |
| Topical term or geographic name entry element | Water resources development |
| Geographic subdivision | Developing countries. |
| 9 (RLIN) | 23592 |
| 650 #0 - SUBJECT ADDED ENTRY--TOPICAL TERM | |
| Topical term or geographic name entry element | Water-supply |
| Geographic subdivision | Developing countries. |
| 9 (RLIN) | 23594 |
| 700 1# - ADDED ENTRY--PERSONAL NAME | |
| Personal name | Warford, Jeremy J., |
| 9 (RLIN) | 37081 |
| 710 2# - ADDED ENTRY--CORPORATE NAME | |
| Corporate name or jurisdiction name as entry element | World Bank. |
| 9 (RLIN) | 4999 |
| 942 ## - ADDED ENTRY ELEMENTS (KOHA) | |
| Source of classification or shelving scheme | |
| Koha item type | Book |
| Withdrawn status | Lost status | Source of classification or shelving scheme | Damaged status | Not for loan | Permanent Location | Current Location | Date acquired | Total Checkouts | Full call number | Barcode | Date last seen | Copy number | Price effective from | Koha item type |
|---|---|---|---|---|---|---|---|---|---|---|---|---|---|---|
| Military College of Engineering (MCE) | Military College of Engineering (MCE) | 09/17/2013 | 333.9/1/0091724 SAU | MCE-43010 | 09/17/2013 | 1 | 09/17/2013 | Book |
